Ponencias

Guardat en:
Dades bibliogràfiques
Format: Text
Etiquetes: Afegir etiqueta
Sense etiquetes, Sigues el primer a etiquetar aquest registre!

MARC

LEADER 00000 a a2200000 04500
001 28727
003
040 |a CRAI/IIS  |c CRAI/IIS 
090 |a 189701  
245 |a Ponencias  
300 |a 157 p  
999 |c 3803  |d 3803